|
|
|
|
| LEADER |
00000nam0a2200000 4500 |
| 001 |
211663 |
| 005 |
20240110092247.0 |
| 010 |
|
|
|a 9785982988537
|
| 035 |
|
|
|a (RuTPU)RU\TPU\book\231233
|
| 035 |
|
|
|a RU\TPU\book\194774
|
| 090 |
|
|
|a 211663
|
| 100 |
|
|
|a 20120316d2011 m y0rusy50 ca
|
| 101 |
0 |
|
|a rus
|
| 102 |
|
|
|a RU
|
| 105 |
|
|
|a a j 001zy
|
| 200 |
1 |
|
|a Техническое и программное обеспечение лабораторного комплекса "Организация пультов управления современных АСУ ТП"
|e учебное пособие
|f А. А. Мезенцев, В. М. Павлов , К. И. Байструков
|g Национальный исследовательский Томский политехнический университет (ТПУ)
|
| 210 |
|
|
|a Томск
|c Изд-во ТПУ
|d 2011
|
| 215 |
|
|
|a 119 с.
|c ил.
|
| 320 |
|
|
|a Библиогр.: с. 116.
|
| 330 |
|
|
|a Пособие посвящено описанию технических характеристик и принципов организации аппаратных и программных составляющих пультов управления исследовательских установок и объектов промышленного назначения. Пособие состоит из 3 разделов. Первый раздел включает описание технического обеспечения современного программно-технического комплекса пультовой. Второй раздел включает описание технологии проектирования прикладного программного обеспечения пультов управления с использованием SCADA - систем в качестве инструментального обеспечения. Третий раздел включает в свой состав описание технологий САПР проектирования посредством современного перспективного программного комплекса Matlab, ориентированного на математическую обработку высокоинформативных потоков экспериментальных данных. Предназначено для студентов, обучающихся по специальности 140306 "Электроника и автоматика физических установок".
|
| 452 |
|
1 |
|0 (RuTPU)RU\TPU\book\204698
|t Техническое и программное обеспечение лабораторного комплекса "Организация пультов управления современных АСУ ТП"
|o учебное пособие
|f А. А. Мезенцев, В. М. Павлов, К. И. Байструков
|g Томский политехнический университет (ТПУ)
|c Томск
|n Изд-во ТПУ
|d 2008
|a Мезенцев, Антон Алексеевич
|
| 606 |
1 |
|
|a Автоматизированные системы управления технологическими процессами
|x Информационное обеспечение
|2 stltpush
|3 (RuTPU)RU\TPU\subj\722
|9 29537
|
| 606 |
1 |
|
|a Пульты управления
|x Проектирование
|2 stltpush
|3 (RuTPU)RU\TPU\subj\53182
|9 71531
|
| 610 |
1 |
|
|a лабораторные комплексы
|
| 610 |
1 |
|
|a техническое обеспечение
|
| 610 |
1 |
|
|a программное обеспечение
|
| 610 |
1 |
|
|a проектирование
|
| 610 |
1 |
|
|a Scada-системы
|
| 610 |
1 |
|
|a TRACE MODE 6
|
| 610 |
1 |
|
|a MatLab
|
| 610 |
1 |
|
|a учебные пособия
|
| 610 |
1 |
|
|a труды учёных ТПУ
|
| 610 |
1 |
|
|a физические установки
|
| 675 |
|
|
|a 658.512.4.011.56:681.3(075.8)
|v 3
|
| 675 |
|
|
|a 681.58(075.8)
|v 3
|
| 700 |
|
1 |
|a Мезенцев
|b А. А.
|c специалист в области автоматики и электроники
|c доцент Томского политехнического университета, кандидат технических наук
|f 1984-
|g Антон Алексеевич
|3 (RuTPU)RU\TPU\pers\25736
|9 11638
|
| 701 |
|
1 |
|a Павлов
|b В. М.
|c специалист в области автоматики и электроники
|c доцент Томского политехнического университета, кандидат технических наук
|f 1965-
|g Вадим Михайлович
|3 (RuTPU)RU\TPU\pers\25738
|9 11640
|
| 701 |
|
1 |
|a Байструков
|b К. И.
|c физик
|c старший преподаватель Томского политехнического университета
|f 1966-
|g Константин Иванович
|3 (RuTPU)RU\TPU\pers\27825
|
| 712 |
0 |
2 |
|a Национальный исследовательский Томский политехнический университет (ТПУ)
|c (2009- )
|3 (RuTPU)RU\TPU\col\15902
|
| 801 |
|
1 |
|a RU
|b 63413507
|c 20100426
|
| 801 |
|
2 |
|a RU
|b 63413507
|c 20141111
|g RCR
|
| 942 |
|
|
|c BK
|